|
|
|
|
| LEADER |
00917pam a22002538a 4500 |
| 001 |
00021774 |
| 005 |
20171026081023.0 |
| 008 |
110526s1981 ||||||Viesd |
| 041 |
0 |
# |
|a Vie
|
| 082 |
1 |
4 |
|a 891.73
|b GI100M
|
| 100 |
0 |
# |
|a Aitmatốp, TS
|
| 245 |
0 |
0 |
|a Giamilya
|b Giải thưởng Lênin 1963
|c TS Aitmatốp; Phạm Mạnh Hùng, Nguyễn Ngọc Bằng dịch
|
| 260 |
# |
# |
|a H.
|b Văn học
|c 1981
|
| 300 |
# |
# |
|a 303 tr.
|c 19 cm.
|
| 490 |
# |
# |
|a Văn học hiện đại nước ngoài. Văn học Xô Viết
|
| 653 |
# |
# |
|a Liên Xô
|
| 653 |
# |
# |
|a Văn học hiện đại
|
| 653 |
# |
# |
|a Tiểu thuyết
|
| 700 |
0 |
# |
|a Nguyễn Ngọc Bằng
|e Dịch
|
| 700 |
0 |
# |
|a Phạm Mạnh Hùng
|e Dịch
|
| 852 |
# |
# |
|j KD.0006558
|
| 852 |
# |
# |
|b Kho đọc
|j KD.0006558
|
| 910 |
0 |
# |
|a Đức
|d 26/05/2011
|
| 980 |
# |
# |
|a Trung tâm Học liệu Lê Vũ Hùng, Trường Đại học Đồng Tháp
|